000 00535nam a2200181Ia 4500
003 OSt
005 20200211155437.0
008 190216s9999||||xx |||||||||||||| ||und||
040 _coclc
082 _a297
_bPAS/I
100 _aPasha, N K Musthafa Kamal
_91889
245 0 _aIslam Parichayam /
_cN K Musthafa Kamal Pasha
250 _a1st ed.
260 _bChair For Islamic Studies And Research,
_c2004.
_aCalicut:
300 _a204p
650 _xIslamic History
942 _cBK
_2ddc
_h297
_iPAS/I
_k297
_mPAS/I
999 _c22800
_d22800